Research methods for social work / (Record no. 3077)

MARC details
000 -LEADER
fixed length control field 01566nam a22002057a 4500
020 ## - INTERNATIONAL STANDARD BOOK NUMBER
ISBN 0534362176
020 ## - INTERNATIONAL STANDARD BOOK NUMBER
ISBN 9780534369941
050 ## - CALL NUMBER
Classification number HV11
Item number .R82
100 ## - AUTHOR
Personal name Allen Rubin
245 ## - TITLE
Title Research methods for social work /
Statement of responsibility, etc Allen Rubin; Earl R Babbie
250 ## - EDITION
Edition statement 4th ed
260 ## - PUBLICATION INFORMATION
Place of publication Belmont, CA : Wadsworth/
Name of publisher Thomson Learning,
Year of publication ©2001.
300 ## - DESCRIPTION
Number of Pages xxii, 693, G-9, B-8, I-13 pages :
Other physical details illustrations ;
Dimensions 24 cm
500 ## - NOTES
General note Includes index.<br/>
505 ## - FORMATTED CONTENTS NOTE
Table of Content An introduction to inquiry --<br/>Scientific inquiry and social work --<br/>Philosophical issues in science and research --<br/>Theory and research --<br/>The ethics and politics of social work research --<br/>Problem formulation and measurement --<br/>Problem formulation --<br/>Conceptualization and operationalization --<br/>Measurement --<br/>Constructing measurement instruments --<br/>The logic of research design --<br/>The logic of sampling --<br/>Causal inference and group designs --<br/>Single-case evaluation designs --<br/>Quantitative and qualitative modes of observation --<br/>Survey research --<br/>Qualitative research methods --<br/>Unobtrusive research: quantitative and qualitative methods --<br/>Analysis of data --<br/>Processing data --<br/>Interpreting descriptive statistics and table --<br/>Inferential data analysis: part 1 --<br/>Inferential data analysis: part 2 --<br/>The social context of research --<br/>Program evaluation.
650 ## - SUBJECTS
Topical Term Service social -- Recherche -- Méthodologie.
650 ## - SUBJECTS
Topical Term Social service -- Research -- Methodology.
650 ## - SUBJECTS
Topical Term Servicio social -- Investigación -- Metodología.
942 ## - ADDED ENTRY ELEMENTS (KOHA)
Koha item type Books
Holdings
Withdrawn status Lost status Collection code Home library Current library Shelving location Date acquired Full call number Accession Number Copy number Koha item type
    Reference Methodist University Library Main Methodist University Library Main General Stacks   HV11 .R82 37794 1 Books
Copyright © 2026  MUG Library